000 04149nab a2200313 i 4500
003 BR-BrBNA
005 20250114134953.0
008 250114b2016 bl.|r|pooa||| 00| 0 por |
040 _aBR-BrBNA
_bpor
072 _aL40
_b5120
100 _aLucena, J.E.C.
100 _aVianna, S.A.B.
100 _aBerbari Neto, F.
100 _aSales Filho, R.L.M.
100 _aDiniz, W.J.S.
245 _aCaracterização morfométrica de fêmeas, garanhões e castrados da raça Campolina baseada em índices
500 _aPublicação online; 21 ref.; 3 tables; Summaries (En, Pt)
520 _a RESUMO - O presente estudo objetivou avaliar os índices morfométricos para garanhões, machos castrados e fêmeas da raça Campolina, bem como caracterizá-los morfologicamente. Para tanto, foram utilizadas as medidas lineares de 4.840 garanhões, 19.037 fêmeas e 1.371 machos castrados, obtidas no banco de dados do Serviço de Registro Genealógico da ABCCCampolina, com base nas quais nove índices morfométricos foram calculados utilizando-se seis medidas lineares. A análise de variância foi realizada para avaliar o efeito do sexo e da idade sobre os índices obtidos. Verificou-se que ambos os fatores influenciaram os índices morfométricos. Garanhões apresentaram peso calculado aproximado superior tanto às fêmeas quanto aos machos castrados. De acordo com o índice peitoral, todas as categorias foram classificadas como “longe do chão”. Em relação aos valores médios dos índices corporal e dáctilo torácico, garanhões e castrados foram classificados como mediolíneos e eumétricos, respectivamente, enquanto as fêmeas foram classificadas como brevilíneas e hipométricas. Conclui-se que os machos castrados e os garanhões da raça Campolina enquadram-se no padrão da raça para animais tipo sela, mas as fêmeas não. Entretanto, os índices de compacidade 1 e 2 apresentam resultados contraditórios e precisam ser melhor avaliados para fins de uso em classificações. Para a maioria dos índices, os animais castrados apresentaram-se melhor proporcionados que as demais categorias. Palavras-chave: equinos, índices morfométricos, morfologia, seleção
520 _a ABSTRACT - The present study aimed to evaluate the morphometric indexes for Campolina stallions, gelded and mare horses, as well as morphologically characterizing them. For this purpose linear measurements from 4.840 stallions, 19.037 mares and 1371 gelded horses were used, obtained from ABCCCampolina’s stud book database, from which nine morphometric indexes were calculated from six linear measurements. Analysis of variance was carried out to evaluate the effect of sex and age on the indexes obtained. We found that both factors influenced the morphometric index. Stallions have presented higher estimate body weight values than mares and gelded horses. According to the pectoral index values all categories were classified as far from the ground. According to body index and dactyl thoracic index average values, stallions and gelded horses were classified as medium lined and middleweight, respectively, once the mares were classified as more compact and overweight. It is concluded that Campolina stallions and gelded horses fall within the breed standard for saddle animals, but mares don’t. However, the compact indexes 1 and 2 showed contradictory results and need to be better evaluated for its intended use in classifications. For most indexes gelded animals showed better proportion than the other categories. Keywords: horses, morphometric indexes, morphology, selection
650 _aCAVALO
650 _aRAÇA
650 _aSELEÇÃO
650 _aMORFOMETRIA
650 _aMORFOLOGIA ANIMAL
773 0 _01643
_9347390
_dBelo Horizonte-MG Universidade Federal de Minas Gerais - Escola de Veterinaria 1983
_o2024-8403
_tArquivo Brasileiro de Medicina Veterinária e Zootecnia (Brazil)
_x0102-0935
_gv. 68(2) p. 431-438; (2016)
_wBR2024004418
856 _uhttps://www.scielo.br/j/abmvz/a/xRRzd6R7kfVPN6PYkPH9GJD/?format=pdf&lang=pt
942 _cANA
999 _c329580
_d329580